Τεχνητοί παράδεισοι
Αποθηκεύτηκε σε:
| Κύριος συγγραφέας: | |
|---|---|
| Μορφή: | Βιβλίο |
| Γλώσσα: | Greek French |
| Δημοσίευση: |
Αθήνα :
Βιβλιοπωλείο της Εστίας,
1990
|
| Θέματα: | |
| Ετικέτες: |
Προσθήκη ετικέτας
Δεν υπάρχουν, Καταχωρήστε ετικέτα πρώτοι!
|
MARC
| LEADER | 00000nam a2200000 i 4500 | ||
|---|---|---|---|
| 001 | 1/32126 | ||
| 008 | 960730s1990 gre d | ||
| 020 | |a 960-05-0264-1 | ||
| 035 | |1 ΕΛΗ |a 1996 |b 2407 |c ΒΙΒΛΙΟΘΗΚΗ |l 10039017 | ||
| 040 | |a GR-MY-UA |b gre |e aacr | ||
| 041 | 0 | |a gre |h fre | |
| 082 | 0 | |a 844. | |
| 100 | 1 | |a Baudelaire, Charles, |d 1821-1867. | |
| 245 | 1 | 0 | |a Τεχνητοί παράδεισοι / |c Σάρλ Μπωντλαίρ ; Μετάφραση Νίκος Φωκάς |
| 260 | |a Αθήνα : |b Βιβλιοπωλείο της Εστίας, |c 1990 | ||
| 300 | |a 179 σ.; |c 21 cm. | ||
| 650 | 0 | 0 | |a French essays. |
| 852 | |a INST |b SAMOS |e 19960730 |h 844 BAU |p 005300009516 |q 005300009516 |t BK |y 0 | ||
| 909 | |a Σ |b 041651 | ||